| LEADER 00000nam 2200000uu 4500 |
| 001 13399125527 |
| 003 ULIB |
| 008 141007s2555||||th 000 0 tha d |
| 020 ^a9786160811434
|
| 050 4 ^aTK5103.2^bพ993ส 2555
|
| 100 0 ^aไพโรจน์ ไววานิชกิจ
|
| 245 10 ^a3.5G สู่ 4G จากเทคโนโลยีสู่โลกธุรกิจ เล่ม 1 /^cไพโรจน์ ไววานิชกิจ
|
| 260 ^aกรุงเทพฯ :^bซีเอ็ดยูเคชั่น,^c2555
|
| 300 ^a320 หน้า :^bภาพประกอบ
|
| 650 7 ^aระบบสื่อสารไร้สาย
|
| 856 ^z3.5G สู่ 4G จากเทคโนโลยีสู่โลกธุรกิจ เล่ม 1 (10040388).pdf (สารบัญหนังสือ)^uhttp://61.19.69.198/ULIB//_fulltext/Content ::/13399125527/20141203111050_3338.pdf |
| 999 ^aสุณิสา
|